000 01879nam0a2200325 i 4500
001 RU\NLR\BIBL_A\010517778
005 20260407113415.0
021 _aRU
_b2014-63645
_93875
035 _a(NILC)RuMoRGB-007542134
035 _a(NLR Aleph) 010517778
090 _a10202821
_c10202821
100 _a20141030d2013 k y0rusy50 ca
101 0 _arus
102 _aRU
105 _aa z 000yy
200 1 _aСпецифика развития общества на рубеже XX-XXI веков: философско-политический аспект
_eколлективная монография
_e[сборник]
_fДепартамент образования г. Москвы, Гос. бюджет. образоват. учреждение высш. проф. образования г. Москвы "Московский городской пед. ун-т" (ГБОУ ВПО МГПУ)
_g[под общ. ред.: О. А. Сергеевой]
210 _aМосква
_cМосковский городской педагогический университет
_d2013
215 _a187 с.
_cил.
_d20
320 _aБиблиогр. в конце ст.
606 _aОбщественное развитие
_jСборники
_xПереходный период
_xСоциально-философские вопросы
_92499942
_3RU\NLR\AUTH\661482782
686 1 _aС508.0я43
686 1 _aС550.511я43
702 1 _4340
_7ca
_8rus
_aСергеева
_bО. А.
_cд-р филос. наук
_gОльга Алексеевна
_961402
_3RU\NLR\AUTH\7778474
712 0 2 _4570
_aМосковский городской педагогический университет
_9381357
_3RU\NLR\AUTH\889943118
801 0 _aRU
_bРГБ
_c20140826
_gRCR
801 1 _aRU
_bРГБ
_c20140826
_2rusmarc
942 _cBOOK
980 _aNBR